000 00311nam a2200121Ia 4500
005 20251222141819.0
008 251222s9999||||xx |||||||||||||| ||spa||
020 _a84-7141-000-1
082 _a250.7/C76/9
245 0 _aAnunciar a Jesucristo en nuestro mundo con obras y palabras
264 _bEDICE
942 _cLIB
999 _c6749
_d6749